| 000 | 00434nam a22001697a 4500 | ||
|---|---|---|---|
| 003 | SGT | ||
| 020 | _a9780367418403 | ||
| 082 |
_a616.5 _bD22E |
||
| 100 | _aERRICHETTI, ENZO | ||
| 245 | _aDERMOSCOPY IN GENERAL DERMATOLOGY FOR SKIN OF COLOR | ||
| 250 | _a1ST | ||
| 260 |
_aBOCA RATON _bCRC PRESS _c2022 |
||
| 300 | _a206 | ||
| 650 | _aDERMATOLOGY | ||
| 653 | _aDERMOSCOPY IN GENERAL DERMATOLOGY FOR SKIN OF COLOR | ||
| 942 |
_2ddc _cBK |
||
| 999 |
_c30582 _d30582 |
||